[Event "Tashkent FIDE GP 2nd"]
[Site "Tashkent"]
[Date "2012.11.27"]
[Round "5"]
[White "Gelfand, Boris"]
[Black "Kamsky, Gata"]
[Result "0-1"]
[WhiteElo "2751"]
[BlackElo "2762"]
[Annotator "Ftacnik,L"]
[PlyCount "66"]
[EventDate "2012.11.22"]
[EventType "tourn"]
[EventRounds "11"]
[EventCountry "UZB"]
[EventCategory "20"]
[SourceTitle "CBM 152"]
[Source "ChessBase"]
[SourceDate "2013.01.15"]
[SourceVersion "1"]
[SourceVersionDate "2013.01.15"]
[SourceQuality "1"]

1. d4 f5 2. g3 Nf6 3. Bg2 d6 4. Nf3 g6 5. O-O Bg7 6. c4 O-O 7. Nc3 c6 8. d5 {
The Leningrad variation of the Dutch Defence is quite playable for Black.
Gelfand is testing the most ambitious line connected with the d-pawn advance.}
e5 9. dxe6 Bxe6 10. b3 Na6 11. Bb2 Qe7 12. Ng5 Bd7 {Kamsky is for me a very
good classical positional player. He respects the value of his bishop, even
though in other games players have often tested his exchange on the e6-square.}
13. Qd2 {One of the annotators of earlier games expressed an interesting idea.
He did not believe in the pressure against the d6-pawn and suggested putting
the queen directly on c2. White would probably agree after the bitter
experience in this battle.} (13. Qc2 Rad8 14. Rad1 Bc8 (14... Rfe8 15. e3 (15.
a3 h6 16. Nf3 Be6 17. Rfe1 Bf7 18. Nd2 Nc5 19. b4 $14 {1-0 Ivanov,S-Yagupov,I/
Podolsk 1992/ (43)}) 15... Bc8 16. Rfe1 Nc5 17. b4 Ne6 18. Nf3 a6 19. a3 Qf7
20. Na4 Qc7 21. Qb3 Ng4 22. h3 Ne5 23. Nxe5 dxe5 24. c5 $14 {1-0 (68) Berczes,
D (2450)-Pavasovic,D (2534) Hungary 2006}) 15. Nf3 (15. Rfe1 Nc5 16. e3 a5 17.
Nf3 Rfe8 18. Nd4 Ne6 19. Nxe6 Bxe6 20. Re2 Qc7 21. Red2 Rd7 22. Ne2 Red8 23.
Nd4 Bf7 24. h3 d5 {1/2 (24) Velikov,P (2450)-Knezevic,M Vrnjacka Banja 1985})
15... Rfe8 16. e3 d5 17. cxd5 Nb4 18. Qc1 Nfxd5 19. Nxd5 Nxd5 20. Bxg7 Kxg7 $11
{1/2 (74) Torre,E (2570)-Kovacevic,V (2540) Indonesia 1983}) 13... h6 {Black's
position is quite promising evenif the defender should decide not to push away
the knight from g5 right away.} (13... Rad8 14. Rad1 (14. Rfe1 h6 15. Nh3 Nc5
16. Rad1 (16. Nf4 Be8 17. Rad1 g5 18. Nd3 Nce4 $11) 16... Be6 17. Qc2 (17. Nf4
Bf7 18. h4 Rfe8 $11) 17... g5 18. f4 Nfe4 19. e3 (19. Nxe4 Nxe4 20. Bxg7 Qxg7
21. fxg5 hxg5 22. Rf1 d5) 19... Bf7 20. Nxe4 Nxe4 21. Bxg7 Kxg7 22. Nf2 $6 (22.
Bxe4 $142 fxe4 23. Nf2 gxf4 (23... d5 $143 24. cxd5 cxd5 25. Qb2+ Kh7 26. f5
$36) 24. exf4 d5 25. cxd5 cxd5 $11) 22... d5 {1/2 (26) Krivoshey,S (2499)
-Kalinitschew,S (2533) Germany 2005}) 14... Bc8 15. Rfe1 (15. h4 Nh5 16. e3 h6
17. Nh3 g5 18. hxg5 hxg5 19. f4 g4 20. Ng5 Nc5 21. Nd5 cxd5 22. Bxd5+ Be6 23.
b4 Bxb2 24. bxc5 Bxd5 25. Qxd5+ Kh8 {0-1 (50) Gonzales,G (2475)-Agrest,E (2460)
Gyula 1997} 26. Ne6 Rf6 27. Nxd8 Qxe3+ 28. Rf2 Nxf4 29. gxf4 g3 $15) (15. Na4
h6 16. Nf3 Ne4 17. Qc1 g5 18. e3 Qf7 19. Bxg7 Qxg7 20. Nd4 Rde8 21. Ne2 Nac5
$11 {1-0 (41) Fominyh,A (2530)-Yilmaz,T (2385) Alushta 1992}) 15... h6 (15...
Ng4 16. Nh3 Bh6 17. Nf4 Qf7 18. h4 Nc5 19. e3 Ne5 20. Qc2 Bg7 21. Ba3 Qf6 22.
Rd4 Nf7 23. Bb2 $11 {1/2-1/2 Lukacs,P-Yilmaz,T/Budapest 1992/ (31)}) 16. Nf3
Kh7 17. Qc2 Nc5 18. e3 Rfe8 19. Nd4 Nce4 20. h3 a6 21. Nde2 h5 22. Nf4 $14 {
1/2 (27) Dorfman,J (2595)-Dolmatov,S (2620) Moscow 1990}) 14. Nh3 Be6 (14...
Rad8 15. Rad1 (15. Ba3 Bc8 16. Rae1 Nc5 17. f3 g5 18. Nf2 Rfe8 19. e4 fxe4 20.
Ncxe4 Nfxe4 21. Nxe4 Qe5 22. Nf2 Qd4 $11 {0-1 (70) Loos,S (2100)-Mueller,H 
(2200) Bayern 1998}) 15... Bc8 16. Rfe1 g5 17. f4 Nc5 18. fxg5 Ng4 19. e4 Qf7
20. b4 Ne6 21. exf5 $16 {1/2 (59) Siebrecht,S (2487)-Nijboer,F (2529)
Amsterdam 2005}) 15. Rad1 Rad8 16. Ba3 {Unfortunately for the first player a
plan promising an advantage is not known even after extensive experience of
numerous games. Gelfand is trying to exercise pressure along the a3-f8
diagonal, but it does not bring him anything special.} (16. Nf4 Bf7 17. Nd3 Nc5
18. Nxc5 dxc5 19. Qc2 $11) 16... Nc5 17. f4 Qc7 18. Nf2 Rfe8 19. Kh1 $6 {
This somewhat alibistic retreat will have serious consequences. It was much
more natural to continue concentrating the forces towards the centre.} (19. e3
Bf7 20. Rfe1 $11) 19... Qb6 20. Qc2 (20. e3 d5 21. cxd5 cxd5 $15) 20... d5 $1 {
[%mdl 64] Kamsky is always trying to build a positionally sound structure and
it often helps him to take the initiative in seemingly equal situations.} 21.
cxd5 cxd5 22. Nxd5 {White must have bitten the bullet without much enthusiasm,
but a passive approach would only have made matters worse.} (22. e3 Nce4 23.
Nfxe4 dxe4 24. Na4 Qa5 $17) 22... Nxd5 (22... Bxd5 23. Qxc5 Qe6 24. Bb2 Bxg2+
25. Kxg2 Nd5 26. Be5 Bxe5 27. fxe5 Qxe5 28. Kg1 $15) (22... Rxd5 23. Rxd5 Bxd5
24. Qxc5 Qxc5 25. Bxc5 Bxg2+ 26. Kxg2 Rxe2 27. a4 b6 $15) 23. Bxc5 (23. Qxc5
Ne3 24. Rxd8 Rxd8 25. Qxb6 axb6 26. Rb1 Ra8 27. Bb2 Rxa2 28. Bxg7 Kxg7 $15)
23... Qc7 24. Rd2 $2 {The modern chess is dramatically dependent on excellent
calculating abilities in complicated positions. If one of the players makes a
serious mistake, the battle could be in principle simply be over.} (24. Rd3 $1
b6 25. Rfd1 Nxf4 26. Rxd8 (26. gxf4 Rc8 $15) 26... Rxd8 27. Rxd8+ Qxd8 28. gxf4
bxc5 29. e3 Qb6 $15) 24... Bc3 25. Nd3 $6 {If the position became critical
after the weak 24th move, after this mediocre idea the game is virtually over.
The computer is helping to prove that only the hair-raising 25.Rxd5! for White
could have given much hope for the resistance. Thanks to some small miracle he
would end up in an only somewhat worse position with chances for survival.} (
25. Rxd5 $1 Rxd5 26. Bb4 Be5 27. Qxc7 Bxc7 28. Bxd5 Bxd5+ 29. e4 fxe4 30. Kg1
Bb6 31. Rc1 a5 32. Ba3 e3 33. Nd3 e2+ 34. Bc5 e1=Q+ (34... Bxc5+ 35. Rxc5 e1=Q+
36. Nxe1 Rxe1+ 37. Kf2 Rd1 38. Ke2 Rd4 39. Ke3 $11) 35. Nxe1 Rxe1+ 36. Rxe1
Bxc5+ 37. Kf1 b6 $15) 25... b6 $1 (25... Bxd2 26. Qxd2 b6 27. Bd4 $11) 26. Bf2
Bxd2 27. Qxd2 Qc3 $1 {Kamsky will be quite relentless in pursuing his
advantage, Gelfand will not be offered a second chance.} 28. Qc1 (28. Rd1 Qxd2
29. Rxd2 Nb4 $17) 28... Qxc1 29. Rxc1 Rc8 30. Ra1 (30. Rxc8 Rxc8 $19) (30. Re1
Rc2 31. Ne5 Kh7 $19) 30... Nc3 31. Bf3 (31. Ne5 Nxe2 32. Nxg6 Rc1+ 33. Rxc1
Nxc1 $19) 31... Nxe2 $1 {White really had an opportunity to become sorry about
his alibistic retreat 19.Kh1 after this small combination.} 32. Re1 (32. Bxe2
Bd5+ 33. Kg1 Rxe2 $19) 32... Nc3 33. Nb4 Ne4 0-1

[Event "Tashkent FIDE GP 2nd"]
[Site "Tashkent"]
[Date "2012.11.29"]
[Round "7"]
[White "Mamedyarov, Shakhriyar"]
[Black "Kamsky, Gata"]
[Result "1/2-1/2"]
[WhiteElo "2764"]
[BlackElo "2762"]
[Annotator "Krasenkow,M"]
[PlyCount "139"]
[EventDate "2012.11.22"]
[EventType "tourn"]
[EventRounds "11"]
[EventCountry "UZB"]
[EventCategory "20"]
[SourceTitle "CBM 152"]
[Source "ChessBase"]
[SourceDate "2013.01.15"]
[SourceVersion "1"]
[SourceVersionDate "2013.01.15"]
[SourceQuality "1"]

1. d4 d5 2. c4 c6 3. Nc3 Nf6 4. e3 g6 5. Nf3 Bg7 6. Bd3 O-O 7. O-O Bg4 {
A very solid system of the Schlechter Defence, especially pertinent after
Bf1-d3. Black gets rid of his "bad" bishop, and White's queen will not be
properly placed after the eventual ...Bg4xf3 Qd1xf3.} 8. h3 Bxf3 9. Qxf3 e6 10.
b3 Re8 11. Bb2 Nbd7 12. Qe2 $146 {A new, quite unusual move, putting the queen
on the line of Black's rook.} ({It is well-known that} 12. e4 $2 {is poor due
to} e5 $1) ({Rook moves to d1 are the most "normal" options for White, leading
to complicated positional play. Here are two recent examples:} 12. Rad1 Qe7 13.
Qe2 Nb6 $5 14. c5 Nbd7 15. f4 b6 16. b4 a5 17. a3 axb4 18. axb4 bxc5 19. bxc5
Nh5 20. Qf2 f5 21. Ra1 Nhf6 22. Qc2 Ne4 $11 {0-1 Swiercz,D (2478)-Gajewski,G 
(2577)/Krakow 2009/CBM 128 Extra (47)}) (12. Rfd1 Rc8 13. Rac1 a6 14. Bf1 Bf8
15. a3 Qb6 16. b4 Qd8 17. e4 Nxe4 18. Nxe4 dxe4 19. Qxe4 Bg7 20. g3 a5 21. Bc3
axb4 22. axb4 Ra8 23. Qc2 Nb6 24. Qb3 Qd7 25. Bg2 h5 $11 {1/2 Onischuk,A (2672)
-Wang Yue (2691)/Poikovsky 2012/CBM 151 (56)}) 12... a6 (12... e5 $5 {is
principled here but White can probably defend his centre by means of} 13. dxe5
Nxe5 14. Rad1 d4 $140 $6 15. Bb1 c5 16. exd4 cxd4 17. Nb5 {[%csl Rd4]
Therefore Black continues quiet manoeuvring.}) 13. Rac1 Rc8 14. Rfd1 Qc7 15. f4
dxc4 $1 {Otherwise White can play c4-c5 in a much better version than in the
above-mentioned game Swiercz-Gajewski.} 16. Bxc4 b5 (16... c5 17. d5 b5 18.
dxe6 fxe6 19. Bd3 Nd5 {was quite possible, too.}) 17. Bd3 Qa7 (17... c5 $2 {
doesn't work now due to} 18. dxc5 Nxc5 19. Nxb5 $1 axb5 20. b4) 18. Ne4 {
White can't successfully prevent ...c6-c5:} (18. a4 c5 $1 19. dxc5 (19. axb5
cxd4 20. exd4 Nh5 $132) 19... b4 20. Na2 Nxc5 21. Nxb4 a5 22. Nc2 Nxb3 23. Rb1
Nc5 24. Bb5 Re7 $11) (18. b4 Nd5 $1 19. Ne4 (19. a3 $2 Nxe3) 19... Bf8 20. a3
a5 21. bxa5 Qxa5 {[%csl Ra3]}) 18... Nxe4 19. Bxe4 c5 $11 20. dxc5 Nxc5 21. Bf3
Bxb2 22. Qxb2 Ne4 23. Rd4 (23. Rd3 $142 Ng3 $140 24. Kf2 Nf5 25. g4) 23... Ng3
$1 24. Kf2 Nf5 {[%csl Gf5]} 25. Rxc8 Rxc8 26. Rd3 Qe7 27. Qd2 h5 28. g3 e5 29.
Rd7 Qf6 30. Be4 exf4 31. exf4 Kg7 32. Kg2 Qe6 33. Bxf5 Qxf5 $15 {[%csl Rg2] As
a result of White's positional inaccuracies, he must fight hard for a draw.}
34. Rd3 Qe4+ 35. Kh2 b4 36. h4 a5 37. Qb2+ Kg8 38. Rd2 Rc3 39. Rg2 Kg7 40. Qd2
Rd3 41. Qb2+ Kh7 42. Qf6 Qd5 43. Qg5 Kg7 44. Re2 Rd1 45. Qxd5 Rxd5 {[%mdl 4096]
} 46. Kh3 Kf6 47. Rc2 Kf5 48. Rc4 Rd1 49. Rc5+ Ke4 50. Rxa5 Kf3 51. Kh2 Rd2+
52. Kh3 f5 53. Ra6 Rg2 54. Rxg6 Kf2 55. Rc6 Rxg3+ 56. Kh2 Rg4 57. Kh3 Rxf4 58.
Rg6 $2 ({An active position of the rook was required:} 58. Rc5 $1 Rf3+ 59. Kh2
Ke3 60. Rb5 {with sufficient counterplay. A possible line:} Rf2+ 61. Kh3 f4 62.
Re5+ $1 (62. Rxh5 $143 f3) 62... Kf3 (62... Kd3 63. Rxh5 Rxa2 64. Rh8) 63. Rxh5
Rxa2 64. Rb5 Ra1 65. Kh2 Kg4 66. h5 $1 $11) 58... Rf3+ ({As many commentators
mentioned,} 58... Re4 $1 {enabled Black to rearrange his pieces in the best
way and queen his pawn:} 59. Rg5 (59. Rg2+ Kf1) 59... f4 60. Rxh5 f3 $19) 59.
Kh2 Ke3 $2 ({It was not late to come back:} 59... Rf4 $1 60. Kh3 (60. Rg2+ Ke3
{[%cal Rf4f2]}) 60... Re4 $19) 60. Rg5 {White's rook now holds Black's pawn
securing a draw.} Kf4 61. Rxh5 Rf2+ (61... Kg4 62. Rh7 Rf2+ 63. Kg1 Rxa2 64. h5
$11) 62. Kh3 Rxa2 63. Rg5 Rc2 64. Rg7 Rc3+ 65. Kg2 Rxb3 66. h5 Rb2+ 67. Kh3
Rb3+ 68. Kg2 Rb2+ 69. Kh3 Rb3+ 70. Kg2 1/2-1/2

[Event "Tashkent FIDE GP 2nd"]
[Site "Tashkent"]
[Date "2012.11.30"]
[Round "8"]
[White "Kamsky, Gata"]
[Black "Leko, Peter"]
[Result "0-1"]
[WhiteElo "2762"]
[BlackElo "2732"]
[Annotator "Sumets,A"]
[PlyCount "96"]
[EventDate "2012.11.22"]
[EventType "tourn"]
[EventRounds "11"]
[EventCountry "UZB"]
[EventCategory "20"]
[SourceTitle "CBM 152"]
[Source "ChessBase"]
[SourceDate "2013.01.15"]
[SourceVersion "1"]
[SourceVersionDate "2013.01.15"]
[SourceQuality "1"]

1. d4 Nf6 2. c4 e6 3. Nc3 Bb4 4. e3 O-O 5. Bd3 d5 6. Nf3 c5 7. O-O dxc4 8. Bxc4
Nbd7 9. Bd2 {Certainly not the most fashionable variation. Other moves are
much more popular. It is unlikely that Leko was well prepared for this line.} (
9. Qe2) (9. a3) (9. Qb3) (9. Bd3) (9. Qd3) 9... cxd4 10. Nxd4 {The only
logical move.} (10. exd4 $6 {Transposing to another line with the useless move
Bd2. Who would play 1 d4 Nf6 2 c4 e6 3 Nc3 Bb4 4 e3 d5 5 Bd3 c5 6 Nf3 0-0 7
0-0 cd 8 ed dc 9 Bc4 b6 10 Bd2?} b6 (10... a6 $5 {Black could try to seize the
initiative} 11. Qe2 b5 12. Bd3 Bb7) 11. Qe2 Bb7 12. Bd3 Re8 13. Rad1 Bxc3 (
13... Rc8 $5 14. a3 Bd6) 14. bxc3 Qc7 15. Rfe1 Rac8 16. Ne5 Nxe5 17. dxe5 Qc6
18. f4 Nd5 19. f5 exf5 20. Bxf5 Rcd8 21. e6 {1/2 Ibragimov,I-Sax,G Bad Wiessee
2001} Nf6 22. exf7+ (22. Kh1 Kh8 $17) 22... Kxf7 23. Qf2 Rxe1+ 24. Rxe1 Qxg2+
25. Qxg2 Bxg2 $17) 10... Ne5 (10... Nb6 11. Be2 (11. Bb3 Bd7 (11... e5 12. Nc2
Bc5 13. e4 Qe7 14. Be3 Bg4 15. f3 Be6 16. Bxe6 (16. Qe2 $5 Bxb3 17. axb3 a6 (
17... Rfd8 18. Ra5 Bxe3+ 19. Nxe3 $36) 18. Bxc5 Qxc5+ 19. Qf2 Qxf2+ 20. Kxf2
Rfd8 $11) 16... fxe6 17. Qe2 Rac8 18. Rf2 Nc4 19. Bxc5 Qxc5 20. Na4 Qa5 $11 {
Del Rio Angelis,S - Berg,E Calvia 2007 1/2 (51)}) 12. Qe2 Rc8 13. e4 e5 (13...
Be8 14. Nf3 Bc6 15. Rad1 Qc7 $11) 14. Nc2 Bc5 15. Be3 Qe7 16. Rfd1 Be6 17. Bxc5
Rxc5 (17... Qxc5 $5 18. Bxe6 fxe6 19. Ne3 Rfd8 $132) 18. Ne3 Rcc8 19. Bxe6 Qxe6
20. Rd3 $14 {Jussupow,A - Balashov,Y Bundesliga GER-cBhT 1998 1-0 (33)}) 11...
e5 12. Nf3 Qe7 13. a3 Bc5 14. Nb5 (14. Qc2 e4 15. Nd4 Bd7 16. Rac1 Rac8 $11)
14... Nbd5 15. Rc1 e4 16. Nfd4 a6 17. Qc2 Bb6 18. Nc3 Bxd4 19. exd4 e3 20. Nxd5
Nxd5 21. Ba5 Be6 (21... Qg5 22. Bf3 Bf5 23. h4 Qg6 $11) 22. Bf3 Rac8 23. Qe2
exf2+ 24. Qxf2 Qd7 25. Rc5 Nf6 (25... b6 26. Rxc8 Rxc8 27. Bxd5 Bxd5 28. Bxb6
Rc6 $40) 26. Rfc1 Bd5 27. Bxd5 Nxd5 28. Qf3 Ne7 29. Rd1 Rc6 30. Bb4 Rd8 31. d5
h6 $6 (31... Rd6 32. Ra5 Rf6 33. Qe2 Nc6 $15) 32. Rxc6 Nxc6 33. Bc3 $14 {
Graf,A - Anastasian,A WchT 5th Yerevan 2001 1-0 (54)}) 11. Be2 (11. Bb3 Bd7 12.
Qe2 Nc6 13. Nf3 Rc8 14. a3 Ba5 15. Rfd1 Qb6 $6 (15... Bc7 16. Be1 Qe7 17. Rac1
Rfd8 $11) 16. Bc4 $1 Qd8 17. e4 Ng4 18. Bg5 Qe8 19. Nb5 $16 Bc7 20. Nxc7 Rxc7
21. h3 (21. Bf4 $1 e5 22. Bg3) 21... Nge5 $14 {Gagunashvili,M - Kunte,A
Kolkata 2009 1/2 (41)}) 11... Bc5 $146 (11... Bd7 12. Qb3 Bc5 13. Rfd1 (13.
Qxb7 Rb8 14. Qa6 Rxb2 $15) 13... Qb8 14. Be1 Neg4 {1/2 Graf,A - Halkias,S
Kavala 2008}) 12. Rc1 (12. Nf3 Ng6 13. Rc1 b6 14. Qa4 Bb7 15. Rfd1 a6 16. Qb3
Bd6 $11) 12... b6 $1 (12... Bxd4 $6 13. exd4 Qxd4 14. Nb5 Qh4 (14... Qb6 $4 15.
Be3 Qa5 16. b4 Qd8 17. Nc7 Rb8 18. Qxd8 Rxd8 19. Bxa7 $18) (14... Qd8 $2 15.
Bb4 $16) 15. Bc3 Nc6 16. Bf3 $44) 13. b4 $5 {An ambitious move.} (13. Ncb5 Bb7
14. b4 Bxd4 15. Nxd4 Qd7 16. f3 Rac8 17. Be1 (17. Qb3 $6 Bd5 18. Qb1 Bc4 $15)
17... Rxc1 18. Qxc1 Rc8 19. Qa3 a6 $11) 13... Bxd4 (13... Bxb4 $6 14. f4 Bxc3 (
14... Ng6 15. Nc6 Qd6 16. Nxb4 Qxb4 17. Nd5 Qd6 18. Nxf6+ gxf6 19. Bc3 Qxd1 20.
Rfxd1 e5 21. Bf3 Rb8 22. Bb4 $16) 15. Bxc3 Ng6 (15... Ned7 16. Bf3 Ba6 17. Re1
Nd5 (17... Rc8 18. Nc6 Qe8 (18... Qc7 $2 19. Ne7+) 19. Bb4 Nc5 20. Qd6 $18) 18.
Bxd5 exd5 19. Nf5 Nf6 20. Nxg7 Kxg7 21. Qg4+ Kh8 22. Qg5 $18) 16. Bb4 Re8 17.
Bb5 Bd7 18. Nc6 $16) 14. exd4 Ng6 $1 (14... Qxd4 $6 15. Nb5 Qd7 (15... Qh4 16.
f4 Ned7 (16... Ng6 17. Rc4 a6 18. f5 axb5 19. Rxh4 Nxh4 20. g4 exf5 21. Bg5 Ng6
22. Bxf6 gxf6 23. gxf5 $16) 17. g3 Qh6 18. f5 Qh3 19. Bf3 Ba6 20. Bg2 $1 Qg4
21. Qxg4 Nxg4 22. Bxa8 Bxb5 23. fxe6 Rxa8 24. exd7 Bxd7 25. Rc7 $16) 16. Rc7
Qd8 17. Bc3 Ned7 18. Bf3 Ba6 19. Bxa8 Bxb5 20. Rxa7 Bxf1 21. Qxf1 Qb8 22. Ra3
$14) 15. Bf3 (15. Be3 $5 Bb7 16. Bd3 Rc8 17. Qe2 Nd5 18. Nxd5 Qxd5 $15) 15...
Rb8 16. Re1 (16. Bg5 h6 17. Bxf6 Qxf6 18. Qa4 (18. d5 Bb7 19. dxe6 Rbd8 20. Qe2
Bxf3 21. exf7+ Rxf7 22. Qxf3 Qxf3 23. gxf3 Rd4 24. a3 Rxf3 $15) 18... Bb7 19.
Bxb7 Rxb7 20. d5 Nf4 $15) 16... h6 (16... Bb7 $6 17. Bxb7 Rxb7 18. Bg5 h6 19.
Bxf6 Qxf6 20. d5 Rd8 (20... Rd7 21. Qa4 Rfd8 22. dxe6 fxe6 23. Ne4 Qe7 $13) 21.
Qb3 Nf4 22. Rcd1 Qg5 23. g3 Nxd5 24. Nxd5 exd5 25. f4 Qf5 26. Re5 Qc8 27. Rexd5
$11) 17. Nb5 a6 18. Na7 Bb7 19. b5 $2 (19. Nc6 Bxc6 20. Bxc6 Qxd4 21. Bc3 Qxd1
22. Rexd1 Ne7 $15) (19. Bxb7 Rxb7 20. Nc6 Qd5 21. Qb3 Qxb3 22. axb3 Nd5 $15)
19... Bxf3 (19... axb5 $2 20. Bb4 Bxf3 21. Qxf3 Re8 22. Nc6 Qd5 23. Nxb8 (23.
Qxd5 Nxd5 24. Nxb8 Nxb4 25. Rb1 (25. Nc6 Nd3 $17) 25... Nc2 26. Re2 Nxd4 27.
Rd2 e5 28. Na6 $13) 23... Qxf3 24. gxf3 Rxb8 25. Bd6 Ra8 $13) 20. Qxf3 Ra8 21.
Nc6 (21. Qb7 axb5 22. Nc6 Qd5 $17) 21... Qd5 22. Qxd5 Nxd5 $17 {Despite
stubborn resistance, Kamsky couldn't escape.} 23. Nb4 Nxb4 24. Bxb4 Rfd8 25.
bxa6 Rxd4 26. a3 Nf4 $1 (26... Rxa6 27. g3 $1) 27. Rc6 Nd5 28. g3 Rxa6 29. Bd6
Raa4 30. Rc8+ Kh7 31. Rf8 Ra7 (31... Kg6 $5) 32. Rc1 Rd7 33. Be5 Re4 34. Ba1
Re2 35. h4 h5 36. Bd4 Rd2 37. Be5 (37. Bc3 Ra2 $19) 37... f6 38. Bc3 Ra2 $19
39. Bb4 Nxb4 40. axb4 Rdd2 41. Rf1 Rab2 42. Rf7 Kg6 43. Rb7 Rxb4 44. Rc1 Rbb2
45. Rcc7 Rxf2 46. Rxg7+ Kf5 47. Rxb6 Rg2+ 48. Kh1 Rxg3 $1 0-1